Inovácie v automobilovom priemysle bakalárska práca

Enregistré dans:
Détails bibliographiques
Auteur principal: Horanský, Filip
Collectivité auteur: Obchodná fakulta EU. Katedra tovaroznalectva a kvality tovaru
Autres auteurs: Knošková, Ľubica, 1965-
Format: Livre
Langue:slovaque
Publié: Bratislava 2011
Tags: Ajouter un tag
Pas de tags, Soyez le premier à ajouter un tag!

MARC

LEADER 00000nam a2200000 4500
001 0151817
005 20240320072031.1
041 0 |a slo 
044 |a SK 
245 1 0 |a Inovácie v automobilovom priemysle  |b bakalárska práca  |c Filip Horanský ; školiteľ: Ľubica Knošková 
264 1 |a Bratislava  |c 2011 
300 |a 52 s. 
100 1 |a Horanský, Filip 
700 1 |a Knošková, Ľubica, 1965- 
710 2 |a Obchodná fakulta EU. Katedra tovaroznalectva a kvality tovaru